000 00244nam a2200097 a 4500
005 20200930070120.0
008 110823s2004 000 spa d
245 0 _aLe malattie della manioca in San Domingo.
260 _c[s.f.].
999 _c32724
_d32724
040 _aDO-SdBNP